Quizzes
Events
Quiz Creation
Community
Videos
Private Events
Remove Ads
Sign In
Join for FREE
Feedback
Dark Mode
Quiz Categories
Sports
Geography
Music
Movies
Television
Just For Fun
Miscellaneous
History
Literature
Language
Science
Gaming
Entertainment
Religion
Holiday
For Kids
Quiz Lab
Recent
Popular Today
Quiz Kudos Today
Editor Picks
Curator Picks
Quizzes by...
Day
Popularity
Type
Ratings
Length
Year
Community
Subscriptions
Recent Discussions
Orange Saloon
Badges
Playlists
Quests
Create
Leaderboards
Showdown
Live 5
Trivia Bingo
Activity
Puzzle Library
Sporcle Events
Private Events
Virtual Trivia
Globe League
Become a Host
Pub Owners
SporcleCon
Opinionation
Our Games
Videos
Blog
Mobile Apps
Partnerships
Remove Ads and Go Orange
Feedback
Movies
Disney
Marvel Cinematic Universe
Movie Resume
Movie Titles
Oscar
Actor
Actress
Director
Pixar
Role
Movie Quotes
Movie Characters
Box Office
Nominee
Best Picture
Star Wars
James Bond
Horror Movies
Movies
Disney
Marvel Cinematic Universe
Movie Resume
Movie Titles
Oscar
Actor
Actress
Director
Pixar
Role
Movie Quotes
Movie Characters
Box Office
Nominee
Best Picture
Star Wars
James Bond
Horror Movies
Random Quiz
Search Sporcle
×
Quiz Lab
Quiz Lab
Movies
Musical
Type in answers that appear in a list
Type in answers that appear in a list
Classic
Best Score? Go Orange.
Best Actress Golden Globes (Comedy/Musical) Stats
Can you name the winners of the Golden Globe for Best Actress (Musical or Comedy)?
By
tenniscaitlin
15m
76 Questions
590 Plays
590 Plays
590 Plays
Comments
Comments
Give Quiz Kudos
Give Quiz Kudos
-
- Ratings
hide this ad
Replay
Link that replays current quiz
Next Quiz
Link to next quiz in quiz playlist
You Got
0%
They Got
Avg Score
61%
Avg Friend Score
Upgrade to see
Score Distribution
Jump to the score distribution portion of the page
Score
0/76
Timer
15:00
0
Plays Today
Year
Actress
% Correct
2009
Meryl Streep
99%
2015
Jennifer Lawrence
98.8%
2016
Emma Stone
98.8%
1998
Gwyneth Paltrow
98.3%
1995
Nicole Kidman
98.1%
2001
Nicole Kidman
98.1%
2014
Amy Adams
97.5%
2018
Olivia Colman
97.5%
2012
Jennifer Lawrence
97.5%
1977 (tie)
Diane Keaton
97.1%
2003
Diane Keaton
97.1%
1990
Julia Roberts
96.9%
2005
Reese Witherspoon
96.8%
2000
Renée Zellweger
96.4%
2002
Renée Zellweger
96.4%
2013
Amy Adams
96.1%
1964
Julie Andrews
95.1%
1965
Julie Andrews
95.1%
1982
Julie Andrews
95.1%
1997
Helen Hunt
94.9%
1987
Cher
93.7%
2011
Michelle Williams
92.9%
2017
Saoirse Ronan
92.5%
1968
Barbra Streisand
92.2%
1976
Barbra Streisand
92.2%
1996
Madonna
92%
2004
Annette Bening
91%
2010
Annette Bening
91%
1972
Liza Minnelli
90.7%
1980
Sissy Spacek
90.7%
1986
Sissy Spacek
90.7%
1989
Jessica Tandy
90.5%
2022
Michelle Yeoh
90.2%
2007
Marion Cotillard
89%
1959
Marilyn Monroe
87.8%
1988
Melanie Griffith
82.7%
1993
Angela Bassett
82.2%
2006
Meryl Streep
80.3%
Year
Actress
% Correct
1994
Jamie Lee Curtis
79.8%
1979
Bette Midler
79.5%
1991
Bette Midler
79.5%
1967
Anne Bancroft
79.3%
1984
Kathleen Turner
77.8%
1985
Kathleen Turner
77.8%
1954
Judy Garland
77.6%
1960
Shirley MacLaine
77.1%
1963
Shirley MacLaine
77.1%
1978 (tie)
Maggie Smith
65.3%
2020
Rosamund Pike
63.8%
1956
Deborah Kerr
63.4%
1973
Glenda Jackson
63.2%
2019
Awkwafina
55%
2008
Sally Hawkins
54.2%
1950
Judy Holliday
52.4%
1975
Ann-Margret
50.8%
1999
Janet McTeer
50.7%
1977 (tie)
Marsha Mason
50.3%
1983
Julie Walters
50%
1966
Lynn Redgrave
49.8%
1958
Rosalind Russell
47.3%
1961
Rosalind Russell
47.3%
1962
Rosalind Russell
47.3%
1978 (tie)
Ellen Burstyn
43.4%
2021
Rachel Zegler
41.4%
1992
Miranda Richardson
37.1%
1981
Bernadette Peters
34.2%
1971
Twiggy
32.7%
1970
Carrie Snodgress
32.4%
1974
Raquel Welch
31.2%
1952
Susan Hayward
27.1%
1955
Jean Simmons
25.4%
1953
Ethel Merman
21.9%
1969
Patty Duke
15.6%
1957 (tie)
Kay Kendall
11.4%
1957 (tie)
Taina Elg
11.2%
1951
June Allyson
10.2%
Quiz Playlist
Details
Report
Send in Message
Add To Playlist
Classic:
Type in answers that appear in a list
Last Updated: Mar 29, 2023
Quiz Scoreboard
CHALLENGE
Sign Up to Join the Scoreboard
Show All
Scores
Hide
Comments
May contain spoilers
Recently Published
1-10 Letter E Words III
by El_Dandy
Language
2m
One Thing in Common: World Cities II
by knightlancer
Geography
7m
Popular People in 1961
by mucciniale
History
6m
More to Explore
Quiz From the Vault
Featured Blog Post
Where Did the Easter Bunny Come From?
hide this ad
You Might Also Like...
Tags
Actress Quiz
Musical Quiz
Comedy
globe
gold
Golden Globes
Winner
Today's Top Quizzes in Movies
Browse Movies
hide this ad
Today's Top Quizzes in Musical
Browse Musical
Top Contributed Quizzes in Movies
1
Multi-Oscar Nominations, One Movie, One Winner
2
12 Movies about Fictional 1960s Events
3
One Thing in Common: Movies
4
Three Word 'T' Movies Match Up
5
Three Word 'H' Movies Match Up
6
Three Word 'M' Movies Match Up
7
Three Word 'L' Movies Match Up
8
Three Word 'R' Movies Match Up
9
Three Word 'S' Movies Match Up
10
Three Word 'U' & 'V' Movies Match Up
Explore More
Trending Topics
Kpop
Anime
Disney
Harry Potter
Crossword
NBA
Marvel
Soccer
Song
The Office
Puzzle
NFL
Pokémon
Country
WWE
hide this ad
More By:
tenniscaitlin
Quiz
Plays
Rating
Category
Featured
Created
Every Best Picture Oscar Nominee (1973-Present)
9,840
4.14
Movies
Nov 9, 2013
Best Actor Nominations (1970-Present)
5,886
4.51
Movies
Feb 18, 2011
100 Greatest Movies of the 70's
3,596
4.54
Movies
May 10, 2010
Parks and Recreation Clickable Quotes
3,354
4.79
Television
Feb 18, 2013
100 Greatest Movies of the 60's
2,352
4.08
Movies
May 10, 2010
Go to Creator's Profile
Score Distribution
Quiz Creator Spotlight
tenniscaitlin
Follow
Send a Message
Quizzes Created
-
Created Quiz Play Count
-
More By This Creator
Popular Quizzes Today
1
Find the US States - No Outlines Minefield
2
The Countries of the World
3
Popular People in 1961
4
Find the Countries of Europe - No Outlines Minefield
5
1-10 Letter E Words III
6
Find the US States
7
One Thing in Common: World Cities II
8
US States
More Movies Quizzes
Top 20 Highest Grossing Movies Per Year - 90's Edition
Quiz Lab
Trending Quizzes
1-10 Letter F Words
1-10 Letter G Words
Risky Map Clicking: Next State Alphabetically
1-10 Letter F Words II
Risky Map Clicking: States by Unique Starting Letters
Recently Updated
Leaping Animals
pecheneg
Reality TV Shows (A-Z)
bhenderson79
Rickey Henderson's Hall of Fame Teammates
pecheneg
Champions League XIs: Arsenal
pecheneg
Quick Pick: Celebrities in WWE's Hall of Fame
aduchscher
A-Z Keypad Blitz II
pecheneg
Multiple Oscar Actors
pecheneg
Mystery Phrase Blitz: Oscar 'Best Actors'
pecheneg
F. Scott Fitzgerald Novels
LTH
Pick 3 Villains
ddd62291
Trending Topics
Disney
Marvel
Kpop
Crossword
Anime
Harry Potter
NBA
WWE
NFL
The Office
Pokémon
Country
Soccer
Song
Puzzle
Your Account Isn't Verified!
In order to create a playlist on Sporcle, you need to verify the email address you used during registration. Go to your
Sporcle Settings
to finish the process.
Report this User
Report this user for behavior that violates our
Community Guidelines
.
Details:
Send Report
Go to the Sporcle.com Mobile Site →
Comments